Δομές δεδομένων

Αποθηκεύτηκε σε:
Λεπτομέρειες βιβλιογραφικής εγγραφής
Κύριος συγγραφέας: Μποζάνης, Παναγιώτης Δ.
Μορφή: Βιβλίο
Γλώσσα:Greek
Δημοσίευση: Θεσσαλονίκη : Τζιόλα, 2019.
Έκδοση:2η έκδ.
Θέματα:
Ετικέτες: Προσθήκη ετικέτας
Δεν υπάρχουν, Καταχωρήστε ετικέτα πρώτοι!

MARC

LEADER 00000cam a2200000 a 4500
001 1/120781
008 200131r2019####gr | ||| |||| ||gre||
020 |a 9789604185948  |q (χαρτόδετο) 
040 |a GR-MyUa  |b gre  |c GR-MyUa  |e AACR2 
041 0 |a gre 
082 7 |a 005.73  |2 (23) 
100 1 |a Μποζάνης, Παναγιώτης Δ. 
245 1 0 |a Δομές δεδομένων /   |c Παναγιώτης Δ. Μποζάνης.  
250 |a 2η έκδ.  
260 |a Θεσσαλονίκη :   |b Τζιόλα,   |c 2019.  
300 |a xiii, 592 σ. ;   |c 24 εκ.  
504 |a Περιέχει βιβλιογραφία και ευρετήριο. 
650 0 |a Data structures (Computer science) 
852 |a INST  |b SAMOS  |c EUDOXUS  |e 20200131  |h 005.73 ΜΠΟ  |p 005300046271  |q 005300046271  |t BK  |y 0 
920 |a Εύδοξος  |b Παραγγελία  |y Σάμος-ΤΜΠΕΣ  |z 2020-01 
970 |a Γουβάλα  |b Βάσω  |z 31-01-2020